| 000 | 00718cam a2200229 a 4500 | ||
|---|---|---|---|
| 001 | 9182 | ||
| 003 | BD-RjUL | ||
| 005 | 20211208234731.0 | ||
| 008 | 140120s1972 xnaa 00010 eng d | ||
| 020 | _a0070931232 : | ||
| 035 | _a(BD-RjUL)9227 | ||
| 040 |
_aBD-RjUL _beng _cBD-RjUL |
||
| 041 | _aeng | ||
| 082 | 0 |
_a537.5028 _219 _bLOE 1972 |
|
| 100 | 1 |
_aLowe, James F. _q(James Fred) _928492 |
|
| 245 | 1 | 0 |
_aExperiments in electronics / _cby James F. Lowe. |
| 260 |
_aSydney : _bMcGraw-Hill, _c1972. |
||
| 300 |
_axiv, 111 p. : _bill. ; _c25 cm. |
||
| 650 | 7 |
_aElectronics. Experiments. Laboratory manuals. Secondary school texts. _2precis. _928493 |
|
| 650 | 0 |
_aElectronics _xLaboratory manuals. _928494 |
|
| 942 |
_2ddc _cBK |
||
| 999 |
_c9182 _d9182 |
||